000 00667nam a2200169 4500
005 20260610111512.0
008 260610b |||||||| |||| 00| 0 eng d
040 _cUE-CL
082 _a532.053
_bN9174
100 _aAhmad Farooq Laghari,
_bMS Mathematics,
_c2023-2025.
_dSupervised by Dr. Abid Hussain
245 _aNumerical analysis of heat transfer flow of water and sodium alginate based hybrid nanofluids
_c/ Ahmad Farooq Leghari
260 _aMultan ,
_bDepartment of Mathematics, Multan Campus, University of Education,
_c2025
300 _a93 p.
546 _aEnglish
650 _aNumerical Analysis--Heat Transfer--Water and Sodiun--Nanofluids
942 _cTH
999 _c27096
_d27095